Duty and art in advocacy, (Record no. 4748)

MARC details
000 -LEADER
fixed length control field 01080cam a22003137a 4500
001 - CONTROL NUMBER
control field 15856227
003 - CONTROL NUMBER IDENTIFIER
control field OSt
005 - DATE AND TIME OF LATEST TRANSACTION
control field 20120105121623.0
008 - FIXED-LENGTH DATA ELEMENTS--GENERAL INFORMATION
fixed length control field 090806s1946 enk 000 0 eng
010 ## - LIBRARY OF CONGRESS CONTROL NUMBER
LC control number 47026489
035 ## - SYSTEM CONTROL NUMBER
System control number (OCoLC)ocm06404358
040 ## - CATALOGING SOURCE
Original cataloging agency DDC
Transcribing agency SOL
Modifying agency OCLCQ
-- NLGGC
-- DLC
042 ## - AUTHENTICATION CODE
Authentication code lccopycat
043 ## - GEOGRAPHIC AREA CODE
Geographic area code e-uk---
050 00 - LIBRARY OF CONGRESS CALL NUMBER
Classification number KD463
Item number .H55 1946
082 ## - DEWEY DECIMAL CLASSIFICATION NUMBER
Classification number 347.052/HIL
084 ## - OTHER CLASSIFICATION NUMBER
Classification number 86.16
Source of number bcl
100 1# - MAIN ENTRY--PERSONAL NAME
Personal name Hilbery, Malcolm,
Titles and other words associated with a name Sir,
Dates associated with a name 1883-
9 (RLIN) 5602
245 10 - TITLE STATEMENT
Title Duty and art in advocacy,
Statement of responsibility, etc by the Hon. Sir Malcolm Hilbery ...
260 ## - PUBLICATION, DISTRIBUTION, ETC. (IMPRINT)
Place of publication, distribution, etc London,
Name of publisher, distributor, etc Stevens & Sons,
Date of publication, distribution, etc 1959.
300 ## - PHYSICAL DESCRIPTION
Extent 35 p.
Dimensions 22 cm.
500 ## - GENERAL NOTE
General note "First published in 1946."
650 #0 - SUBJECT ADDED ENTRY--TOPICAL TERM
Topical term or geographic name as entry element Lawyers
Geographic subdivision Great Britain.
9 (RLIN) 5603
906 ## - LOCAL DATA ELEMENT F, LDF (RLIN)
a 0
b cbu
c copycat
d 2
e ncip
f 20
g y-gencatlg
942 ## - ADDED ENTRY ELEMENTS (KOHA)
Source of classification or shelving scheme Dewey Decimal Classification
Koha item type Books
Holdings
Withdrawn status Lost status Source of classification or shelving scheme Damaged status Not for loan Home library Current library Shelving location Date acquired Total Checkouts Full call number Barcode Date last seen Price effective from Koha item type
    Dewey Decimal Classification     Law Development Centre Main Library Law Development Centre Main Library Text Books and Laws 01/05/2012   347.052/HIL 3234/2012 01/05/2012 01/05/2012 Books
    Dewey Decimal Classification     Law Development Centre Main Library Law Development Centre Main Library Text Books and Laws 01/05/2012   347.052/HIL 3235/2012 01/05/2012 01/05/2012 Books